Disney-Filme nach Charakteren - Statistiken

Allgemein
  • Dieses Quiz wurde 599 mal gespielt
  • Das Durchschnittsergebnis liegt bei 23 aus 56
Antwortstatistiken
Hint Antwort % Korrekt
Mufasa, Nala, Rafiki Der König der Löwen
94%
Balu, Shir Khan, King Louie Das Dschungelbuch
88%
Dschinni, Jago, Abu Aladdin
82%
Blume, Feline, Klopfer Bambi
81%
Dodo, Märzhase, Grinsekatze Alice im Wunderland
79%
Kristoff, Sven, Herzog von Pitzbühl Die Eiskönigin
79%
Phil, Meg, Hades Hercules
78%
Mushu, Ling, Chien-Po Mulan
78%
Zauberspiegel, Schlafmütz, Jäger Schneewittchen und die sieben Zwerge
75%
Gute Fee, Prinz Charming, Drizella Cinderella
74%
Vladimir, Gothel, Flynn Rider Rapunzel – Neu verföhnt
70%
Heihei, Sina, Maui Vaiana
69%
Lefou, Tassilo, Maurice Die Schöne und das Biest
65%
Kanga, Roo, Christopher Robin Winnie Puuh
63%
Clopin, Victor, Esmeralda Der Glöckner von Notre Dame
59%
Figaro, Stromboli, Geppetto Pinocchio
58%
Antonio Madrigal, Agustín Madrigal, Abuela Madrigal Encanto
57%
Grimsby, Sebastian, Adella Arielle, die Meerjungfrau
55%
Prinz Philipp, Malefiz, König Stefan Dornröschen
55%
Louis, Prinz Naveen, Dr. Facilier Küss den Frosch
55%
Sir Kay, Archimedes, Merlin Die Hexe und der Zauberer
52%
Fix-It Felix Jr., Turbo, Vanellope von Schweetz Ralph reichts
52%
Sir Hiss, Bruder Tuck, Maid Marian Robin Hood
51%
John Smith, Meeko, Gouverneur Ratcliffe Pocahontas
48%
Jim Krähe, Timothy Q. Maus, Zirkusdirektor Dumbo
45%
Smee, Klaus Darling, Tiger-Lily Peter Pan
43%
Chicha, Patcha, Kronk Ein Königreich für ein Lama
42%
Duchess, Roquefort, Thomas O'Malley Aristocats
40%
Anita Radcliffe, Pongo, Queenie 101 Dalmatiner
39%
Zinnsoldat, Feuervogel, Micky Maus Fantasia 2000
31%
Herzog von Pitzbühl, Mr. Big, Chief Bogo Zoomania
31%
Denahi, Björn, Koda Bärenbrüder
30%
José Carioca, Panchito Pistoles, Donald Duck Drei Caballeros
30%
Bruno Hühnchen, Ed von Speck, Elfie Edel Himmel und Huhn
30%
Zeus, Tyrannosaurus, Micky Maus Fantasia
29%
Prinzessin Kida, Gaetan Molière, Wilhelmina Packard Atlantis – Das Geheimnis der verlorenen Stadt
27%
Greifer, Professor Rattenzahn, Königin Maustoria Basil, der große Mäusedetektiv
25%
Yokai, Wasabi, GoGo Tomago Baymax – Riesiges Robowabohu
25%
Nani, Cobra Bobo, Dr. Jamba Jookiba Lilo & Stitch
25%
Morph, Captain Amelia, John Silver Der Schatzplanet
23%
Penny, Madame Medusa, Orville Bernard und Bianca – Die Mäusepolizei
22%
Benja, Namaari, Sisu Raya und der letzte Drache
22%
Archimedes Q. Porter, Terk, Clayton Tarzan
20%
König Magnifico, Bazeema, Sakina Wish
16%
Big Mama, Amos Slade, Witwe Tweed Cap und Capper
14%
Goofy, Aconcagua, Donald Duck Saludos Amigos
13%
Tante Clara, Jock, Toni Susi und Strolch
13%
Angus McDachs, Kopfloser Reiter, Brom Bones Die Abenteuer von Ichabod und Taddäus Kröte
12%
Prinzessin Eilonwy, Gehörnter König, Gurgi Taran und der Zauberkessel
12%
Mittens, Dr. Calico, Penny Bolt – Ein Hund für alle Fälle
10%
Jeb, Mrs. Calloway, Alameda Slim Die Kühe sind los
10%
Cody, Percival C. McLeach, Wilbur Bernard und Bianca im Känguruland
9%
Tito, Einstein, Dodger Oliver & Co.
9%
Ethan Clade, Captain Pulk, Jaeger Clade Strange World
8%
Melonenmann, Carl, Lewis Triff die Robinsons
8%
Kron, Suri, Baylene Dinosaurier
6%
Keine übereinstimmenden Quizze gefunden
Verteilung der Resultate
Anzahl Personen mit jedem Resultat
Perzentil nach korrekt beantworteten Fragen
Ihre Resultats-Entwicklung
Sie haben dieses Quiz noch nicht gespielt